Statistics for Birth Years Click Quiz - Germany

Click here to take the quiz!

General Stats

  • This quiz has been taken 79 times
  • The average score is 8 of 20

Answer Stats

HintAnswer% Correct
Anne Frank1929
88%
Carl Benz1844
58%
Albert Einstein1879
58%
Arminius18 BC
54%
Marlene Dietrich1901
54%
Martin Luther1483
50%
Bertolt Brecht1898
50%
Anne of Cleves1515
46%
Charles the Bald823
46%
Agrippina the Younger15
42%
Ludwig van Beethoven1770
42%
Hildegard of Bingen1098
38%
Valentinian II371
38%
Albrecht Dürer1471
29%
Klaus Störtebeker1360
25%
Johannes Kepler1571
25%
Johann Sebastian Bach1685
25%
Gottfried Wilhelm Leibniz1646
21%
Jacob Grimm1785
21%
Henry the Fowler876
17%

Score Distribution

Percentile by Number Answered

Percent of People with Each Score

Your Score History

You have not taken this quiz